| 000 | 00633nam a2200193 a 4500 | ||
|---|---|---|---|
| 005 | 20140310183435.0 | ||
| 008 | 080121s19uu xx 00 eng d | ||
| 020 | _a978-599180-946 | ||
| 050 |
_aKF 780 _b.St743 2007 |
||
| 100 | _aStern, Rod W. | ||
| 245 |
_aEstate planning, wills, and trusts : _bfor business owners and entrepreneurs / _cRod W. Stern. |
||
| 260 |
_aU.S.A : _bEntrepreneur Media, Inc, _c2007. |
||
| 300 |
_a320 p. : _c27 cm. |
||
| 521 | _aBSBA | ||
| 650 |
_aEstate planning _xUnited States. |
||
| 650 |
_aFamily _xowned business enterprises _xSuccession _xUnited States. |
||
| 942 |
_cBK _2lcc _kFOR |
||
| 999 |
_c22824 _d22824 |
||